Loading...
| Literature - European | 1 | 2 | 0 | 1 | 35 | 80 | 120.00 | 0 | 1 | 4.31 | 14.77 |
| Social Science | 0 | 2 | 0 | 0 | 20 | 73 | 100.50 | 1 | 1 | 4.67 | 11.25 |
| Literature - World | 0 | 2 | 0 | 1 | 20 | 146 | 151.00 | 0 | 0 | 0.12 | 2.27 |
| Science - Physics | 0 | 2 | 1 | 0 | 15 | 98 | 107.50 | 0 | 1 | 2.26 | 10.23 |
| History - European | 0 | 1 | 0 | 0 | 10 | 89 | 89.00 | 0 | 1 | 3.39 | 5.68 |
| Other Academic | 0 | 1 | 0 | 1 | 10 | 132 | 132.00 | 0 | 0 | 0.38 | 6.25 |
| Literature - American | 0 | 1 | 0 | 0 | 10 | 118 | 118.00 | 0 | 0 | 1.32 | 4.55 |
| Mythology | 0 | 1 | 1 | 0 | 5 | 67 | 67.00 | 0 | 1 | 4.77 | 7.50 |
| Philosophy | 0 | 1 | 1 | 0 | 5 | 110 | 110.00 | 0 | 1 | 2.10 | 7.95 |
| Science - Other | 0 | 1 | 1 | 0 | 5 | 126 | 126.00 | 0 | 0 | 0.54 | 3.41 |
| History - American | 0 | 1 | 1 | 0 | 5 | 88 | 88.00 | 1 | 1 | 2.84 | 9.09 |
| Literature - British | 0 | 0 | 0 | 0 | 0 | 0.00 | 0 | 0 | 0.00 | 0.00 | |
| Fine Arts - Other | 0 | 0 | 1 | 0 | -5 | 0.00 | 0 | 0 | 0.00 | 0.00 |